00288nam a2200121Ia 4500008004100000020001800041050000900059050001600068245003200084260001200116260002900128260000900157170203s9999 xx 000 0 und d a9780603567704 aFic  b.H239m 1998 aMR. BUMP loses his memory / aChina : bPrice Stern Sloan, Inc., c1998